000 00274nam a22001097a 4500
008 240712b |||||||| |||| 00| 0 eng d
100 _aPribdas, Bharamchari
_916978
245 _aShri Ashtvakar Gita
260 _aAjmer:
_bAtam darshan;
_c1968.
300 _a378p.
942 _cBK
999 _c40132
_d40132